Porovnanie optimalizačných a heuristických prístupov na riešenie okružných úloh diplomová práca

Saved in:
Bibliographic Details
Main Author: Segíň, Eduard
Corporate Author: Fakulta hospodárskej informatiky EU. Katedra operačného výskumu a ekonometrie
Other Authors: Brezina, Ivan, 1963-
Format: Book
Language:Slovak
Published: Bratislava 2011
Tags: Add Tag
No Tags, Be the first to tag this record!

MARC

LEADER 00000nbm a2200000 4500
001 0140661
005 20161109101941.3
041 0 |a slo 
044 |a SK 
245 1 0 |a Porovnanie optimalizačných a heuristických prístupov na riešenie okružných úloh  |b diplomová práca  |c Eduard Segíň ; školiteľ: Ivan Brezina 
264 1 |a Bratislava  |c 2011 
300 |a 64 s. 
100 1 |a Segíň, Eduard 
700 1 |a Brezina, Ivan, 1963- 
710 2 |a Fakulta hospodárskej informatiky EU. Katedra operačného výskumu a ekonometrie